<?xml version="1.0" encoding="UTF-8"?>
<record
    xmlns:xsi="http://www.w3.org/2001/XMLSchema-instance"
    xsi:schemaLocation="http://www.loc.gov/MARC21/slim http://www.loc.gov/standards/marcxml/schema/MARC21slim.xsd"
    xmlns="http://www.loc.gov/MARC21/slim">

  <leader>00967nam a2200253 i 4500</leader>
  <controlfield tag="001">184789</controlfield>
  <controlfield tag="003">ES-MaACL</controlfield>
  <controlfield tag="005">20250930063157.0</controlfield>
  <controlfield tag="008">160104s2012    sp a         |||| | cat d</controlfield>
  <datafield tag="020" ind1=" " ind2=" ">
    <subfield code="a">978-84-615-8346-1</subfield>
  </datafield>
  <datafield tag="080" ind1=" " ind2=" ">
    <subfield code="a">811.134.1'373.6(460.32)</subfield>
  </datafield>
  <datafield tag="100" ind1="1" ind2=" ">
    <subfield code="a">Garau Rossell&#xF3;, Mik&#xE8;l, </subfield>
    <subfield code="d">1950-</subfield>
    <subfield code="9">53931</subfield>
  </datafield>
  <datafield tag="245" ind1="1" ind2="0">
    <subfield code="a">Balear </subfield>
    <subfield code="b">: la lengua vern&#xE1;cula de Baleares / </subfield>
    <subfield code="c">Mik&#xE8;l Garau Rossell&#xF3;.</subfield>
  </datafield>
  <datafield tag="260" ind1=" " ind2=" ">
    <subfield code="a">[Palma de Mallorca] : </subfield>
    <subfield code="b">Acad&#xE8;mi de sa Llengo Bal&#xE9;&#xE0;, </subfield>
    <subfield code="c">2012 (</subfield>
    <subfield code="e">Sevilla : </subfield>
    <subfield code="f">)</subfield>
  </datafield>
  <datafield tag="300" ind1=" " ind2=" ">
    <subfield code="a">126 p. : </subfield>
    <subfield code="b">il. ; </subfield>
    <subfield code="c">21 cm.</subfield>
  </datafield>
  <datafield tag="504" ind1=" " ind2=" ">
    <subfield code="a">Bibliograf&#xED;a: p. 124-126.</subfield>
  </datafield>
  <datafield tag="650" ind1=" " ind2="7">
    <subfield code="a">Lengua catalana-</subfield>
    <subfield code="z">Baleares (Comunidad Aut&#xF3;noma)</subfield>
    <subfield code="9">14109</subfield>
  </datafield>
  <datafield tag="710" ind1="2" ind2=" ">
    <subfield code="a">Acad&#xE8;mi de sa Ll&#xE9;ngo Bal&#xE9;&#xE0;.</subfield>
    <subfield code="9">1139</subfield>
  </datafield>
  <datafield tag="852" ind1=" " ind2=" ">
    <subfield code="a">ES-MaACL</subfield>
    <subfield code="j">A-13539</subfield>
    <subfield code="9">191804</subfield>
    <subfield code="b">R.150802</subfield>
    <subfield code="c">DEPO1</subfield>
    <subfield code="d">Olim: N-6539</subfield>
    <subfield code="h">Donacion: Real Academia Espa&#xF1;ola</subfield>
  </datafield>
  <datafield tag="914" ind1=" " ind2=" ">
    <subfield code="9">6336</subfield>
    <subfield code="a">Real Academia Espa&#xF1;ola</subfield>
  </datafield>
  <datafield tag="942" ind1=" " ind2=" ">
    <subfield code="2">udc</subfield>
    <subfield code="c">MONOGRAFIA</subfield>
  </datafield>
  <datafield tag="999" ind1=" " ind2=" ">
    <subfield code="c">184789</subfield>
    <subfield code="d">184789</subfield>
  </datafield>
  <datafield tag="952" ind1=" " ind2=" ">
    <subfield code="0">0</subfield>
    <subfield code="1">0</subfield>
    <subfield code="2">udc</subfield>
    <subfield code="4">0</subfield>
    <subfield code="7">0</subfield>
    <subfield code="a">ATENEOM</subfield>
    <subfield code="b">ATENEOM</subfield>
    <subfield code="c">DEPO1</subfield>
    <subfield code="d">2016-01-04</subfield>
    <subfield code="e">DONACION</subfield>
    <subfield code="l">0</subfield>
    <subfield code="o">A-13539</subfield>
    <subfield code="p">1194590</subfield>
    <subfield code="r">2023-02-23 00:00:00</subfield>
    <subfield code="w">2023-02-23</subfield>
    <subfield code="y">MONOGRAFIA</subfield>
  </datafield>
</record>
